| 000 | 00373cam a22001097a 4500 | ||
|---|---|---|---|
| 008 | 180718b2001 xxu||||| |||| 00| 0 eng d | ||
| 100 | _aChandra, Satish | ||
| 245 |
_aProject report on computerized pension calculation _cby Satish Chandra |
||
| 260 |
_aNew Delhi _bIndian Insititute of Public Administration _c2001 |
||
| 300 | _a63p. | ||
| 650 | _aComputerized pension calculation | ||
| 999 |
_c501923 _d501923 |
||